Dynamics of Multibody Systems /

Gespeichert in:
Bibliographische Detailangaben
Hauptverfasser: Roberson, Robert E (Verfasst von), Schwertassek, Richard (Verfasst von)
Format: Buch
Veröffentlicht: Berlin : Springer Verlag, 1988
Tags: Tag hinzufügen
Keine Tags, Fügen Sie das erste Tag hinzu!

MARC

LEADER 00000nam a22000003a 4500
001 stu47280
005 20150617225711.1
008 ------s1988----gw----------------------d
040 |a STU  |b slo 
041 0
044 |a gw 
080 |a 531.3 
100 1 |a Roberson, Robert E  |4 aut 
245 1 |a Dynamics of Multibody Systems /  |c [aut.] Roberson,Robert E.; Schwertassek,Richard 
260 |a Berlin :  |b Springer Verlag,  |c 1988 
300 |a 460 s 
700 1 |a Schwertassek, Richard  |4 aut 
996 |b J81655  |c J*81655/K 10  |l JJK10  |s P  |a 0  |w stu47280_0001